Historia del levantamiento, guerra y revolución de España / (Record no. 166450)

MARC details
000 -LEADER
campo de control de longitud fija 00969nam a2200217 i 4500
001 - NÚMERO DE CONTROL
campo de control 166450
003 - IDENTIFICADOR DE NÚMERO DE CONTROL
campo de control ES-MaACL
005 - FECHA Y HORA DE LA ÚLTIMA TRANSACCIÓN
campo de control 20240229062729.0
008 - DATOS DE LONGITUD FIJA--INFORMACIÓN GENERAL
campo de control de longitud fija 940206m18351837sp |||| | spa d
040 ## - FUENTE DE CATALOGACIÓN
Centro catalogador/agencia de origen CAM
Lengua de catalogación spa
100 1# - ENTRADA PRINCIPAL--NOMBRE DE PERSONA
Nombre de persona Toreno, José María Queipo de Llano Ruiz de Saravia,
Títulos y otros términos asociados al nombre Conde de,
Fechas asociadas al nombre 1786-1843
9 (RLIN) 143059
245 10 - MENCIÓN DEL TÍTULO
Título Historia del levantamiento, guerra y revolución de España /
Mención de responsabilidad, etc. por el Conde de Toreno.
260 ## - PUBLICACIÓN, DISTRIBUCIÓN, ETC.
Lugar de publicación, distribución, etc. Madrid :
Nombre del editor, distribuidor, etc. [s.n.],
Fecha de publicación, distribución, etc. 1835-1837 (
Fabricante Imp. de Tomás Jordán)
300 ## - DESCRIPCIÓN FÍSICA
Extensión 5 v. ;
Dimensiones 23 cm.
530 ## - NOTA DISPONIBLE DE FORMULARIO FÍSICO ADICIONAL
Nota de formato físico adicional disponible Disponible en formato digital.
597 ## - NOTA DE DESCRIPCIÓN FÍSICA
NOTA DE DESCRIPCIÓN FÍSICA T. I. 411, 125 p. -- t. II. 394, 46 p. -- t. III. 498, 55 p. -- t. IV. 416, 18 p -- t. V. 556, 74, IX p.
651 #4 - PUNTO DE ACCESO ADICIONAL DE MATERIA--NOMBRE GEOGRÁFICO
Nombre geográfico España-
Subdivisión general Historia-
Subdivisión cronológica 1808-1814, Guerra de la Independencia
9 (RLIN) 8244
852 ## - LOCALIZACIÓN
Ubicación ES-MaACL
Número de control de estantería Z-116-120
Nota libre -- Enc. hol.
Encuadernación Olim: C-549-553
856 ## - LOCALIZACIÓN Y ACCESO ELECTRÓNICOS
Identificador Uniforme de Recursos <a href="http://bdh-rd.bne.es/viewer.vm?id=0000005072&page=1 ">http://bdh-rd.bne.es/viewer.vm?id=0000005072&page=1 </a>
Nota pública Biblioteca Digital Hispánica
Holdings
Estatus retirado Estado de pérdida Estado de daño No para préstamo Colección Biblioteca de origen Biblioteca actual Ubicación en estantería Fecha de adquisición Total de préstamos Signatura topográfica completa Código de barras Visto por última vez Precio de reemplazo Tipo de ítem Koha
        Colección digital Biblioteca del Ateneo de Madrid Biblioteca del Ateneo de Madrid Depósito Z 17/01/2008   Z-116-20 1174572 23/02/2023 23/02/2023 Libro impreso antiguo